| 000 | 01371cam a22003974i 4500 | ||
|---|---|---|---|
| 003 | PE-LiUPU | ||
| 005 | 20250731184051.0 | ||
| 008 | 150617s1982 sp r 000 0 spa d | ||
| 020 | _a8403270585 | ||
| 035 | _a(Sirsi) i9788403270589 | ||
| 040 |
_aPE-LiUPU _bspa _cPE-LiUPU _erda |
||
| 049 | _aPRUA | ||
| 082 | 0 | 4 |
_a808 _bA11 _221 |
| 100 | 1 |
_aAlonso, Martín, _eautor. |
|
| 245 | 1 | 0 |
_aCiencia del lenguaje y arte del estilo. _n1 / _cMartín Alonso. |
| 250 | _a20a | ||
| 264 | 1 |
_aMadrid : _bAguilar, _c1982. |
|
| 300 |
_a889 páginas ; _c26 centímetros |
||
| 336 |
_atext _2rdacontent |
||
| 337 |
_aunmediated _2rdamedia |
||
| 338 |
_avolume _2rdacarrier |
||
| 505 | 0 | _aTrilogía del lenguaje -- Fraseología -- Lexicología -- Estilística -- Libro sinóptico. | |
| 526 | _aP145 | ||
| 526 | _aP127 | ||
| 526 | _aP97 | ||
| 526 | _aP14 | ||
| 526 | _aP07 | ||
| 650 | 0 | 4 | _aLENGUAJE Y LENGUAS. |
| 910 |
_ajck _bjvq _cjck _d20150616 |
||
| 942 |
_2ddc _cBOOK |
||
| 949 |
_a808 A11 1 _wDEWEY _c1 _i24734 _lCCODEBUL1 _mBUL _r0 _sY _tBOOK _u2015-4-21 _xEDUCACION _zUNKNOWN _0COMPRA _o.STAFF. Colección General |
||
| 994 |
_aC0 _bPEPRU |
||
| 596 | _a1 | ||
| 999 |
_a808 A11 1 _wDEWEY _c12027 _i24734 _f2021-11-5 _g6 _lCCODEBUL1 _mBUL _r0 _sY _tBOOK _u2015-4-21 _xBIBLIOTECA _zUNKNOWN _0COMPRA _o.STAFF. Colección General _d12027 |
||
| 980 |
_81 _gALBERTO SANCHEZ Responsable de Automatización |
||